Kursbuch Oder-Spree ... (Titelsatznr. 80955)
[ MARC ]
| 000 -Satzkennung | |
|---|---|
| Kontrollfeld mit fester Länge | 01413nab a2200325 cc4500 |
| 001 - Kontrollnummer | |
| Kontrollfeld | 1224915119 |
| 003 - Kontrollnummer Identifier | |
| Kontrollfeld | DE-101 |
| 005 - Datum und Zeit der letzten Transaktion | |
| Kontrollfeld | 20210419141708.0 |
| 007 - Feld mit fester Länge zur physischen Beschreibung - Allgemeine Information | |
| Kontrollfeld mit fester Länge | tu |
| 008 - Feld mit fester Länge zur physischen Beschreibung - Allgemeine Angaben | |
| Kontrollfeld mit fester Länge | 210112s2021 gw u||p| ||| 0||||1ger |
| 016 7# - Kontrollnummer der nationalbibliografischen Agentur | |
| Quelle | DE-101 |
| Datensatzkontrollnummer | 1224915119 |
| 020 ## - Internationale Standardbuchnummer | |
| Internationale Standardbuchnummer | 9783000662102 |
| 035 ## - Systemkontrollnummer | |
| System-Kontrollnummer | (DE-599)DNB1224915119 |
| 040 ## - Katalogisierungsquelle | |
| Original-Katalogisierungsstelle | 1199 |
| Katalogisierungssprache | ger |
| Übertragungsstelle | DE-101 |
| Bearbeitungsstelle | DE-2950 |
| 041 ## - Sprachcode | |
| Sprachcode des Textes/der Tonspur oder des separaten Titels | ger |
| 044 ## - Ländercode der veröffentlichenden/herstellenden Stelle | |
| ISO-Ländercode | XA-DE |
| 082 74 - Notation nach der Dewey Decimal Classification | |
| Notation | 914.3 |
| -- | 300 |
| Zuweisende Stelle | DE-101 |
| Ausgabenummer | 23sdnb |
| 245 00 - Titel | |
| Titel | Kursbuch Oder-Spree ... |
| Zählung des Teils/der Abteilung eines Werkes | 2021 |
| Titel eines Teils/einer Abteilung eines Werkes | Vom haben und brauchen |
| Verfasserangabe etc. | Herausgeber: Landkreis Oder-Spree |
| 264 31 - Produktion, Veröffentlichung, Distribution, Herstellung und Urheberrechtsvermerk | |
| Herstellungs-, Veröffentlichungs- Vertriebs-, Erzeugungsort | Beeskow |
| Produzent, Herausgeber, Distributor, Hersteller | Landkreis Oder-Spree, Kultur- und Sportamt |
| Datum der Herstellung, der Veröffentlichung, des Vertriebs oder des Urheberschutzvermerks | 2021 |
| 300 ## - Physische Beschreibung | |
| Begleitmaterial | Faltkarte "haben und brauchen" |
| 336 ## - Inhaltstyp | |
| Inhaltstypterm | Text |
| Inhaltstypcode | txt |
| Quelle | rdacontent |
| 337 ## - Medientyp | |
| Bezeichnung des Medientyps | ohne Hilfsmittel zu benutzen |
| Medientypcode | n |
| Quelle | rdamedia |
| 338 ## - Datenträgertyp | |
| Datenträgertypbezeichnung | Band |
| Datenträgertypcode | nc |
| Quelle | rdacarrier |
| 505 ## - Fußnote zu strukturierten Inhaltsangaben | |
| Fußnote zu strukturierten Inhaltsangaben | Darin enthalten: Schmidt-Breitung, Dorothee: "Uns gehörte nüscht" - die Geschichte einer Rückkehr. [Karl-Christoph von Stünzner, Guthaus Sieversdorf] , S. 15-21 ; Rada, Uwe: Ein Kind der DDR. [EKO - Eisenhüttenstadt, Karl Döring], S. 46-53 ; Mühle, Johannes:<br/>Rücken zur Wand, Gesicht zum Markt. [Pneumant - Fürstenwalde, Matthias Fleischhauer], S. 54-59 ; Nowak, Michel: Groß, größer, Tesla. [Tesla - Grünheide] S. 104-109. |
| 653 ## - Indexierungsterm - Nicht normiert | |
| Nicht-normierter Term | Landkreis Oder-Spree |
| 653 ## - Indexierungsterm - Nicht normiert | |
| Nicht-normierter Term | Landwirtschaft |
| -- | Industrie |
| 773 08 - Übergeordnete Einheit | |
| Zählung und erste Seite | 42021 |
| Datensatzkontrollnummer | (DE-101)1212524500 |
| 942 ## - Zusätzliche Felder (Koha) | |
| Klassifikation oder Aufstellungssystematik | Andere/Generische Klassifikation |
| Koha-Medientyp | Bücher |
| Ausgeschieden | Verloren | Klassifikation oder Aufstellungssystematik | Beschädigt | Nicht entleihbar | Heimatbibliothek | Aufenthaltsbibliothek | Aufstellungsort | Erwerbungsdatum | Lieferant | Kodierter Standort-Qualifier | Kaufpreis | Anzahl Ausleihen | Signatur | Letzte Aktivität | Exemplarnummer | Preis gültig von | Koha-Medientyp |
|---|---|---|---|---|---|---|---|---|---|---|---|---|---|---|---|---|---|
| Andere/Generische Klassifikation | Stadtarchiv Frankfurt (Oder) | Archivbibliothek | Stadtarchiv Frankfurt (Oder) | Archivbibliothek | Magazin | 19/04/2021 | Hutten | M | 10.00 | II: 5014 | 19/04/2021 | 22/2021 | 19/04/2021 | Bücher |